| 000 | 00702cam a2200229 a 4500 | ||
|---|---|---|---|
| 001 | TB12012 | ||
| 003 | IN-BhIIT | ||
| 005 | 20260121150515.0 | ||
| 008 | 940216s1994 maua b 001 0 eng | ||
| 020 | _a9780262650403 (pbk.) | ||
| 040 | _aIN-BhIIT | ||
| 041 | _aeng. | ||
| 082 | 0 | 0 |
_a519.3 _bOSB/C |
| 100 | 1 |
_aOsborne, Martin J. _eAuthor _923068 |
|
| 245 | 1 | 2 |
_aA course in game theory / _cby Martin J. Osborne and Ariel Rubinstein. |
| 260 |
_aCambridge, Mass. : _bMIT Press, _cc1994. |
||
| 300 |
_axv, 352 p. : _bill. ; _c24 cm. |
||
| 504 | _aIncludes bibliographical references and index. | ||
| 650 | 0 |
_aGame theory. _93582 |
|
| 700 | 1 |
_aRubinstein, Ariel. _eJoint author _924971 |
|
| 942 |
_cTB _03 |
||
| 999 |
_c14533 _d14533 |
||